Culture général-Montpellier (Hérault) - Statistiques

Statistiques générales
  • Ce quiz a été pris 854 fois
    843 depuis la dernière actualisation
  • Le résultat moyen est 5 sur 7
Statistiques - réponses
Question Réponse % Correct
Quel fleuve et rivière traverse Montpellier ? Le Lez et le Verdanson
97%
Quel est le musée le plus visité à Montpellier ? Musée Fabre
95%
Comment s'appelle l'agglomération de Montpellier ? Montpellier Méditerranée Métropole (MMM)
94%
Combien y'a-t-il d'habitants (hors agglomération) à Montpellier ? 300 000h
60%
Combien y'a-t-il de quartiers à Montpellier ? 12
57%
Depuis quand existe Montpellier ? 985
36%
Que signifie le terme "Montpellier" ? Le Mont des Jeunes filles
14%
Aucun quiz correspondant
Distribution des résultats
% des personnes avec chaque résultat
Percentile par nombre de réponses
Votre historique - résultats
Vous n’avez pas pris ce quiz depuis la dernière actualisation